[Event "AICF Women GM 2018"]
[Site "Mumbai"]
[Date "2018.06.15"]
[Round "6"]
[White "Zozulia, Anna"]
[Black "Rakshitta Ravi"]
[Result "1-0"]
[WhiteElo "2314"]
[BlackElo "2067"]
[Annotator "NA"]
[PlyCount "84"]
[EventDate "2018.??.??"]
[EventType "tourn"]
[EventCountry "IND"]
[SourceTitle "playchess.com"]
[Source "ChessBase"]
[SourceQuality "1"]
[TimeControl "40/5400+30:1800+30"]

1. e4 {[%emt 0:00:00]} e5 {[%emt 0:02:00]} 2. Nf3 {[%emt 0:00:00]} Nc6 {[%emt 0:00:01]} 3. Bb5 {[%emt 0:00:00]} a6 {[%emt 0:00:05]} 4. Ba4 {[%emt 0:00:03]} Nf6 {[%emt 0:00:05]} 5. O-O {[%emt 0:00:23]} Be7 {[%emt 0:00:05]} 6. d3 {[%emt 0:09:32]} b5 {[%emt 0:00:19]} 7. Bb3 {[%emt 0:00:05]} O-O {[%emt 0:04:44]} 8. Nc3 {[%emt 0:06:00]} d6 {[%emt 0:00:47]} 9. a3 {[%emt 0:01:02]} Bg4 $11 {[%emt 0:01:14] LiveBook: 208 Games} 10. Ne2 {[%emt 0:06:30]} d5 {[%emt 0:03:54]} 11. c3 {[%emt 0:13:16]} dxe4 {[%emt 0:13:41]} 12. dxe4 {[%emt 0:00:18]} Bxf3 {[%emt 0:00:35]} 13. gxf3 {[%emt 0:01:43]} Qc8 {[%emt 0:00:25]} 14. Ng3 {[%emt 0:00:48]} Qh3 {[%emt 0:04:38]} 15. Qe2 {[%emt 0:03:33]} Rad8 {[%emt 0:05:19]} 16. Kh1 {[%emt 0:11:38]} g6 {[%emt 0:07:41]} 17. Rg1 {[%emt 0:03:49]} Kh8 {[%emt 0:02:08]} 18. a4 {[%emt 0:06:35]} h5 {[%emt 0:12:26]} 19. axb5 {[%emt 0:04:45]} axb5 {[%emt 0:00:35]} 20. Bh6 {[%emt 0:10:01]} h4 {[%emt 0:07:14]} 21. Qf1 {[%emt 0:00:12]} Qc8 {[%emt 0:06:02]} 22. Bxf8 Rxf8 {[%emt 0:01:36]} 23. Ne2 {[%emt 0:07:43]} Nh5 {[%emt 0:01:14]} 24. Bd5 {[%emt 0:01:04]} Nb8 {[%emt 0:01:04]} 25. Qc1 {[%emt 0:04:23]} Kh7 {[%emt 0:01:09]} 26. Qe3 {[%emt 0:00:28]} c6 {[%emt 0:00:27]} 27. Bb3 {[%emt 0:00:15]} Qh3 {[%emt 0:00:13]} 28. f4 {[%emt 0:00:25]} Qxe3 {[%emt 0:01:24]} 29. fxe3 {[%emt 0:00:03]} Bc5 {[%emt 0:00:19]} 30. fxe5 {[%emt 0:00:23]} Nd7 {[%emt 0:00:44]} 31. e6 {[%emt 0:06:05]} fxe6 {[%emt 0:00:02]} 32. Rgf1 {[%emt 0:01:49]} Rxf1+ {[%emt 0:05:33]} 33. Rxf1 {[%emt 0:00:03]} Ndf6 {[%emt 0:01:35]} 34. e5 {[%emt 0:02:31]} Ne4 {[%emt 0:00:44]} 35. Nd4 {[%emt 0:00:53]} Kh6 {[%emt 0:01:43]} 36. Bxe6 {[%emt 0:00:36]} g5 {[%emt 0:01:01]} 37. Bf5 {[%emt 0:00:46]} Nd2 {[%emt 0:00:19]} 38. Ra1 {[%emt 0:00:26]} Ng7 {[%emt 0:00:23]} 39. Bg4 {[%emt 0:00:22]} Ne4 {[%emt 0:00:02]} 40. Kg2 {[%emt 0:00:09]} h3+ {[%emt 0:31:41]} 41. Bxh3 {[%emt 0:30:12]} Kh5 {[%emt 0:00:04]} 42. Bd7 {[%emt 0:00:27]} Bf8 1-0

[Event "AICF Women GM 2018"]
[Site "Mumbai"]
[Date "2018.06.15"]
[Round "6"]
[White "Aakanksha Hagawane"]
[Black "Monnisha G K"]
[Result "1/2-1/2"]
[WhiteElo "2297"]
[BlackElo "2295"]
[Annotator "NA"]
[PlyCount "81"]
[EventDate "2018.??.??"]
[EventType "tourn"]
[EventCountry "IND"]
[SourceTitle "playchess.com"]
[Source "ChessBase"]
[SourceQuality "1"]
[TimeControl "40/5400+30:1800+30"]

1. e4 {[%emt 0:00:00]} e5 {[%emt 0:00:21]} 2. Nf3 {[%emt 0:00:00]} Nc6 {[%emt 0:00:05]} 3. Bb5 {[%emt 0:00:00]} a6 {[%emt 0:00:05]} 4. Ba4 {[%emt 0:00:00]} Nf6 {[%emt 0:00:05]} 5. O-O {[%emt 0:00:08]} Be7 {[%emt 0:00:07]} 6. Re1 {[%emt 0:00:12]} b5 {[%emt 0:00:07]} 7. Bb3 {[%emt 0:00:05]} O-O {[%emt 0:00:06]} 8. c3 {[%emt 0:02:59]} d5 {[%emt 0:00:12]} 9. exd5 Nxd5 {[%emt 0:00:03]} 10. d4 {[%emt 0:05:54]} exd4 {[%emt 0:03:09] LiveBook: 14 Partien} 11. Nxd4 {[%emt 0:02:10]} Nxd4 {[%emt 0:00:53]} 12. cxd4 {[%emt 0:00:11]} Bb7 {[%emt 0:02:13]} 13. Nc3 $11 {[%emt 0:01:00]} Nf6 {[%emt 0:06:58]} 14. Bf4 {[%emt 0:05:42]} Re8 {[%emt 0:07:03]} 15. a3 {[%emt 0:04:32]} Qd7 {[%emt 0:00:53]} 16. h3 Rad8 {[%emt 0:11:36]} 17. Qc2 {[%emt 0:09:54]} c5 {[%emt 0:09:24]} 18. dxc5 {[%emt 0:07:35]} Qc6 {[%emt 0:00:34]} 19. f3 {[%emt 0:00:42]} Bxc5+ {[%emt 0:04:17]} 20. Kh1 {[%emt 0:01:00]} Qc8 {[%emt 0:07:21]} 21. Ne4 {[%emt 0:11:30]} Nxe4 {[%emt 0:05:12]} 22. fxe4 {[%emt 0:00:06]} Bd4 {[%emt 0:00:59]} 23. Rab1 {[%emt 0:09:50]} Qxc2 {[%emt 0:02:19]} 24. Bxc2 {[%emt 0:02:56]} g6 {[%emt 0:05:03]} 25. b4 {[%emt 0:08:57]} Be5 {[%emt 0:09:01]} 26. Rf1 {[%emt 0:17:22]} Kg7 27. Be3 Bd4 {[%emt 0:03:58]} 28. Rbe1 {[%emt 0:08:38]} f6 {[%emt 0:02:03]} 29. Bf4 {[%emt 0:00:56]} Rc8 {[%emt 0:05:46]} 30. Bb1 {[%emt 0:00:49]} Bb2 31. Bc1 {[%emt 0:00:01]} Bxc1 {[%emt 0:05:19]} 32. Rxc1 {[%emt 0:00:01]} Rxc1 {[%emt 0:01:09]} 33. Rxc1 Bxe4 34. Bxe4 {[%emt 0:00:58]} Rxe4 {[%emt 0:01:00]} 35. Rc7+ Kh6 {[%emt 0:00:22]} 36. Rc6 {[%emt 0:00:04]} a5 {[%emt 0:00:54]} 37. bxa5 {[%emt 0:00:14]} Ra4 {[%emt 0:00:02]} 38. Rxf6 Rxa3 {[%emt 0:00:15]} 39. a6 {[%emt 0:01:20]} b4 {[%emt 0:00:08]} 40. Rb6 {[%emt 0:00:06]} b3 {[%emt 0:30:06]} 41. a7 {[%emt 0:30:14]} 1/2-1/2

[Event "AICF Women GM 2018"]
[Site "Mumbai"]
[Date "2018.06.15"]
[Round "6"]
[White "Divya Deshmukh"]
[Black "Srija, Seshadri"]
[Result "0-1"]
[WhiteElo "2138"]
[BlackElo "2207"]
[Annotator "NA"]
[PlyCount "54"]
[EventDate "2018.??.??"]
[EventType "tourn"]
[EventCountry "IND"]
[SourceTitle "playchess.com"]
[Source "ChessBase"]
[SourceQuality "1"]
[TimeControl "40/5400+30:1800+30"]

1. e4 {[%emt 0:00:00]} e5 {[%emt 0:00:33]} 2. Nf3 {[%emt 0:00:00]} Nc6 {[%emt 0:00:06]} 3. Bc4 {[%emt 0:00:00]} Nf6 {[%emt 0:00:07]} 4. Ng5 {[%emt 0:00:00]} d5 {[%emt 0:00:24]} 5. exd5 {[%emt 0:00:00]} Na5 {[%emt 0:00:11]} 6. Bb5+ {[%emt 0:00:02]} c6 {[%emt 0:00:05]} 7. dxc6 {[%emt 0:00:05]} bxc6 {[%emt 0:00:05]} 8. Qf3 {[%emt 0:00:20]} Be7 {[%emt 0:00:13]} 9. Ne4 {[%emt 0:00:05]} Nd5 {[%emt 0:08:54]} 10. Ba4 {[%emt 0:00:06]} O-O {[%emt 0:06:24]} 11. Nec3 $11 {[%emt 0:04:43]} f5 {[%emt 0:01:50]} 12. Bxc6 {[%emt 0:19:14]} Nb4 {[%emt 0:00:25]} 13. Bxa8 {[%emt 0:11:07]} Nxc2+ {[%emt 0:01:46]} 14. Kd1 {[%emt 0:00:50]} e4 {[%emt 0:00:57]} 15. Qe2 {[%emt 0:01:46]} Nb4 {[%emt 0:19:59]} 16. a3 {[%emt 0:17:13]} Ba6 {[%emt 0:05:01]} 17. Qe3 {[%emt 0:00:52]} Nd3 {[%emt 0:09:20]} 18. Bd5+ {[%emt 0:04:09]} Kh8 {[%emt 0:00:02]} 19. Qxa7 {[%emt 0:08:25]} Bb7 {[%emt 0:17:37]} 20. Bxb7 {[%emt 0:23:27]} Bc5 {[%emt 0:00:08]} 21. Qa6 {[%emt 0:00:05]} Nxf2+ {[%emt 0:07:56]} 22. Ke2 {[%emt 0:00:12]} Qg5 {[%emt 0:01:00]} 23. d4 Qxg2 {[%emt 0:04:37]} 24. Bd5 {[%emt 0:08:44]} Nd3+ {[%emt 0:00:31]} 25. Kd1 {[%emt 0:00:12]} Qxh1+ {[%emt 0:00:04]} 26. Kd2 {[%emt 0:00:44]} Qe1+ {[%emt 0:00:06]} 27. Kc2 {[%emt 0:00:03]} Qxc1# {[%emt 0:00:03]} 0-1

[Event "AICF Women GM 2018"]
[Site "Mumbai"]
[Date "2018.06.16"]
[Round "7"]
[White "Munguntuul, Batkhuyag"]
[Black "Vo, Thi Kim Phung"]
[Result "1-0"]
[WhiteElo "2410"]
[BlackElo "2376"]
[Annotator "TA"]
[PlyCount "85"]
[EventDate "2018.??.??"]
[EventType "tourn"]
[EventCountry "IND"]
[SourceTitle "playchess.com"]
[Source "ChessBase"]
[SourceQuality "1"]

{[%evp 24,85,108,93,177,92,226,219,297,269,291,254,264,248,381,240,478,477,655,623,738,727,725,709,1312,1252,1252,1163,1034,1022,992,1007,1177,732,812,822,816,808,732,689,676,662,2097,665,664,643,616,537,5581,5401,5089,4849,2705,2090,29960,29961,29955,29962,29963,29963,29982,29983,29982,29983]} 1. e4 c5 2. Nf3 e6 3. d4 cxd4 4. Nxd4 a6 5. Bd3 Qc7 6. O-O Nf6 7. Qe2 d6 8. c4 Be7 9. Nc3 Nbd7 10. Bd2 {B42: Sicilian: Kan Variation: 5 Bd3} (10. f4 O-O 11. Kh1 b6 12. Bd2 g6 13. Rae1 Bb7 14. f5 exf5 15. exf5 Rae8 16. fxg6 hxg6 17. Bxg6 fxg6 18. Qd3 Bd8 19. Qxg6+ Kh8 20. Ne6 Rxe6 21. Rxe6 Qxc4 22. Rf4 Nh7 23. Re8 Qc6 24. Rfxf8+ Ndxf8 25. Rxd8 Qc4 26. Ne2 {1-0 (26) Smirin,I (2658)-Teterev,V (2494) Minsk 2015}) 10... b6 11. f4 Bb7 12. Rae1 h5 13. b4 {LiveBook: 4 Games} g6 (13... O-O $16) 14. Kh1 ({White should play} 14. Nd5 $18 exd5 15. exd5) 14... e5 $146 {[#]} (14... Rc8 $16) ({Predecessor:} 14... Ng4 15. a4 Ndf6 16. Nb3 Kf8 17. a5 Rb8 18. axb6 Qxb6 {1-0 (66) Ivanenko,O (2001)-Kalinina,M (1940) Lubin 2009}) 15. Nd5 $1 $18 {[%cal Rd5c7]} Nxd5 16. exd5 Bh4 17. g3 Bf6 18. Qe4 O-O-O (18... Be7 $142) 19. Nc6 Rde8 $2 (19... Rdf8 {keeps fighting.} 20. fxe5 Bxe5) 20. fxe5 dxe5 21. c5 bxc5 22. Rc1 Be7 23. Rxf7 Qd6 24. bxc5 Nxc5 {[#]} 25. Rxc5 $1 {[%mdl 512]} Qxc5 26. Bb4 Qc1+ 27. Rf1 Qg5 28. Bxe7 Rxe7 29. h4 Qxg3 30. Nxe7+ Kd8 31. Rf3 Qg4 32. Nc6+ Kc8 33. Nxe5 (33. Rf7 $142 Qxe4+ 34. Bxe4 Bxc6 35. dxc6) 33... Qxe4 34. Bxe4 Re8 35. Nc4 Re7 {[#]} 36. Rf7 $3 {[%mdl 512]} Rxf7 {[%mdl 4096] Endgame KRB-KBN} 37. Nd6+ Kd7 38. Nxf7 a5 39. Kg2 {White mates.} Ba6 40. Kg3 Ke7 41. Bxg6 Bc4 42. d6+ {[%cal Bd5d6,Bd6d7][%mdl 32]} Ke6 43. d7 {Precision: White = 71%, Black = 24%.} 1-0

[Event "AICF Women GM 2018"]
[Site "Mumbai"]
[Date "2018.06.16"]
[Round "7"]
[White "Nakhbayeva, Guliskhan"]
[Black "Zozulia, Anna"]
[Result "1/2-1/2"]
[WhiteElo "2323"]
[BlackElo "2314"]
[Annotator "NA"]
[PlyCount "90"]
[EventDate "2018.??.??"]
[EventType "tourn"]
[EventCountry "IND"]
[SourceTitle "playchess.com"]
[Source "ChessBase"]
[SourceQuality "1"]
[TimeControl "40/5400+30:1800+30"]

1. d4 {[%emt 0:00:00]} d6 {[%emt 0:00:32]} 2. e4 {[%emt 0:00:00]} g6 {[%emt 0:04:18]} 3. c4 {[%emt 0:00:04]} Bg7 {[%emt 0:00:12]} 4. Nc3 {[%emt 0:00:05]} Nc6 {[%emt 0:00:20]} 5. d5 {[%emt 0:00:11]} Nd4 {[%emt 0:00:09]} 6. Be3 {[%emt 0:00:14]} e5 {[%emt 0:00:38]} 7. Nge2 {[%emt 0:00:09]} Nxe2 {[%emt 0:00:16]} 8. Bxe2 {[%emt 0:00:07]} f5 {[%emt 0:00:22]} 9. exf5 {[%emt 0:00:18]} gxf5 {[%emt 0:00:29]} 10. Bh5+ {[%emt 0:00:32]} Kf8 {[%emt 0:00:04]} 11. f4 {[%emt 0:01:13]} e4 {[%emt 0:00:29]} 12. O-O {[%emt 0:00:49]} Nf6 {[%emt 0:02:01]} 13. Be2 {[%emt 0:03:03]} b6 {[%emt 0:14:22]} 14. Rc1 {[%emt 0:01:10]} Kf7 {[%emt 0:01:27]} 15. b4 {[%emt 0:03:26]} a5 {[%emt 0:01:36]} 16. a3 {[%emt 0:01:09]} axb4 {[%emt 0:00:09]} 17. axb4 {[%emt 0:00:05]} Rf8 {[%emt 0:24:16]} 18. c5 {[%emt 0:04:28]} bxc5 {[%emt 0:01:53]} 19. bxc5 {[%emt 0:00:05]} Ba6 {[%emt 0:02:47]} 20. h3 {[%emt 0:03:39]} Kg8 {[%emt 0:04:55]} 21. Bxa6 {[%emt 0:08:17]} Rxa6 {[%emt 0:00:05]} 22. c6 {[%emt 0:00:38]} Ra3 {[%emt 0:10:40]} 23. Bd4 {[%emt 0:13:48]} Qe7 {[%emt 0:03:06]} 24. Ra1 {[%emt 0:09:39]} Rfa8 {[%emt 0:04:04]} 25. Rxa3 {[%emt 0:07:09]} Rxa3 {[%emt 0:00:03]} 26. Qb1 {[%emt 0:00:17]} Ne8 {[%emt 0:09:19]} 27. Nb5 {[%emt 0:09:31]} Ra5 {[%emt 0:06:30]} 28. Bxg7 {[%emt 0:03:21]} Qxg7 {[%emt 0:00:10]} 29. Kh2 {[%emt 0:03:13]} h5 {[%emt 0:06:31]} 30. Rg1 {[%emt 0:03:51]} Nf6 {[%emt 0:02:03]} 31. Qb4 {[%emt 0:06:33]} Ra2 {[%emt 0:00:23]} 32. Qc4 {[%emt 0:01:01]} Rd2 {[%emt 0:00:58]} 33. Nxd6 {[%emt 0:03:10]} Rd4 {[%emt 0:00:03]} 34. Qb3 {[%emt 0:05:11]} cxd6 {[%emt 0:00:35]} 35. Qb8+ {[%emt 0:09:16]} Kh7 {[%emt 0:01:25]} 36. c7 {[%emt 0:01:14]} Ng4+ {[%emt 0:00:03]} 37. hxg4 {[%emt 0:00:11]} Qxg4 {[%emt 0:00:43]} 38. Qd8 {[%emt 0:00:09]} Qxf4+ {[%emt 0:00:39]} 39. Kh1 {[%emt 0:00:08]} e3 {[%emt 0:00:40]} 40. Rc1 {[%emt 0:02:01]} e2 {[%emt 0:30:38]} 41. Qe7+ {[%emt 0:01:59]} Kg6 {[%emt 0:00:00]} 42. Qe6+ {[%emt 0:00:11]} Kg7 {[%emt 0:00:00]} 43. Qe7+ {[%emt 0:00:05]} Kg6 {[%emt 0:00:00]} 44. Qe6+ {[%emt 0:00:04]} Kg7 {[%emt 0:00:00]} 45. Qe7+ {[%emt 0:00:08]} Kg6 {[%emt 0:00:00]} 1/2-1/2

[Event "AICF Women GM 2018"]
[Site "Mumbai"]
[Date "2018.06.16"]
[Round "7"]
[White "Monnisha G K"]
[Black "Divya Deshmukh"]
[Result "1-0"]
[WhiteElo "2295"]
[BlackElo "2138"]
[Annotator "NA"]
[PlyCount "71"]
[EventDate "2018.??.??"]
[EventType "tourn"]
[EventCountry "IND"]
[SourceTitle "playchess.com"]
[Source "ChessBase"]
[SourceQuality "1"]
[TimeControl "40/5400+30:1800+30"]

1. e4 {[%emt 0:00:00]} c5 {[%emt 0:00:05]} 2. Nf3 {[%emt 0:00:00]} a6 {[%emt 0:00:04]} 3. c4 {[%emt 0:00:17]} e6 {[%emt 0:00:06]} 4. Nc3 {[%emt 0:00:22]} Qc7 {[%emt 0:00:04]} 5. d4 {[%emt 0:00:19]} cxd4 {[%emt 0:00:05]} 6. Nxd4 {[%emt 0:00:06]} Nf6 {[%emt 0:00:07]} 7. a3 {[%emt 0:00:19]} g6 {[%emt 0:00:42]} 8. Be3 {[%emt 0:02:13]} Bg7 {[%emt 0:00:27]} 9. Be2 {[%emt 0:01:25]} O-O {[%emt 0:00:50]} 10. O-O {[%emt 0:02:26]} d6 {[%emt 0:02:09]} 11. Rc1 {[%emt 0:01:58]} Nbd7 {[%emt 0:00:54]} 12. f3 {[%emt 0:02:17]} b6 {[%emt 0:00:56]} 13. Qd2 {[%emt 0:01:28]} Bb7 {[%emt 0:00:34]} 14. b4 $16 {[%emt 0:01:21]} Rad8 {[%emt 0:08:46]} 15. Nb3 {[%emt 0:00:38]} Qb8 {[%emt 0:13:33]} 16. Rfd1 {[%emt 0:04:18]} d5 {[%emt 0:05:02]} 17. exd5 {[%emt 0:02:54]} exd5 {[%emt 0:00:21]} 18. cxd5 {[%emt 0:09:50]} Rfe8 {[%emt 0:00:37]} 19. Bf2 {[%emt 0:11:19]} Nh5 {[%emt 0:07:15]} 20. Bd4 {[%emt 0:04:29]} Ndf6 {[%emt 0:03:42]} 21. Bxb6 {[%emt 0:12:38]} Bxd5 {[%emt 0:36:24]} 22. Bxd8 {[%emt 0:02:44]} Bxb3 {[%emt 0:00:54]} 23. Qd6 {[%emt 0:01:53]} Qa8 {[%emt 0:01:55]} 24. Bc7 {[%emt 0:24:13]} Bxd1 {[%emt 0:04:18]} 25. Rxd1 {[%emt 0:01:49]} Rc8 {[%emt 0:00:52]} 26. Qb6 {[%emt 0:04:23]} Bf8 {[%emt 0:09:23]} 27. f4 {[%emt 0:02:02]} Re8 {[%emt 0:00:51]} 28. Be5 {[%emt 0:02:50]} Re6 {[%emt 0:01:21]} 29. Qd4 {[%emt 0:00:19]} Ne8 {[%emt 0:02:08]} 30. Bf3 {[%emt 0:02:24]} Qc8 {[%emt 0:00:29]} 31. Bg4 {[%emt 0:00:04]} f5 {[%emt 0:00:26]} 32. Be2 {[%emt 0:00:36]} Nhf6 {[%emt 0:00:38]} 33. Bc4 {[%emt 0:00:06]} Kf7 {[%emt 0:00:30]} 34. Bxf6 {[%emt 0:00:23]} Nxf6 {[%emt 0:00:20]} 35. Re1 {[%emt 0:00:14]} Ne4 {[%emt 0:00:26]} 36. Nxe4 {[%emt 0:00:08]} 1-0

[Event "AICF Women GM 2018"]
[Site "Mumbai"]
[Date "2018.06.16"]
[Round "7"]
[White "Vantika Agrawal"]
[Black "Aakanksha Hagawane"]
[Result "1/2-1/2"]
[WhiteElo "2279"]
[BlackElo "2297"]
[Annotator "NA"]
[PlyCount "48"]
[EventDate "2018.??.??"]
[EventType "tourn"]
[EventCountry "IND"]
[SourceTitle "playchess.com"]
[Source "ChessBase"]
[SourceQuality "1"]
[TimeControl "40/5400+30:1800+30"]

1. Nf3 {[%emt 0:00:00]} Nf6 {[%emt 0:00:11]} 2. g3 {[%emt 0:00:00]} g6 {[%emt 0:00:05]} 3. Bg2 {[%emt 0:00:00]} Bg7 {[%emt 0:00:06]} 4. O-O {[%emt 0:00:00]} d5 {[%emt 0:00:09]} 5. d4 {[%emt 0:01:38]} O-O {[%emt 0:00:12]} 6. c4 {[%emt 0:00:08]} dxc4 {[%emt 0:00:14]} 7. Na3 {[%emt 0:00:08]} c3 {[%emt 0:00:23]} 8. bxc3 {[%emt 0:02:49]} c5 {[%emt 0:00:12]} 9. Ne5 {[%emt 0:00:52]} Nc6 {[%emt 0:00:33]} 10. Nac4 {[%emt 0:02:01]} Be6 {[%emt 0:00:37]} 11. Nxc6 {[%emt 0:02:32]} bxc6 {[%emt 0:00:10]} 12. Qd3 $11 {[%emt 0:10:05] LiveBook: 3 Games} Nd5 {[%emt 0:05:18]} 13. Ba3 {[%emt 0:21:01]} cxd4 {[%emt 0:14:59]} 14. cxd4 {[%emt 0:00:36]} Qd7 {[%emt 0:07:20]} 15. Rfd1 {[%emt 0:10:42]} Nb6 {[%emt 0:06:49]} 16. Na5 {[%emt 0:21:28]} Bd5 {[%emt 0:06:06]} 17. e4 {[%emt 0:01:48]} Be6 {[%emt 0:00:44]} 18. Rac1 {[%emt 0:01:15]} Rac8 {[%emt 0:03:48]} 19. Nb3 {[%emt 0:13:13]} Rfd8 {[%emt 0:02:50]} 20. Bb2 {[%emt 0:07:09]} Na4 {[%emt 0:09:58]} 21. Ba3 {[%emt 0:00:24]} Nb6 {[%emt 0:19:16]} 22. Bb2 {[%emt 0:00:16]} Na4 {[%emt 0:00:57]} 23. Ba3 {[%emt 0:00:06]} Nb6 {[%emt 0:01:36]} 24. Bb2 {[%emt 0:00:15]} Na4 1/2-1/2

[Event "AICF Women GM 2018"]
[Site "Mumbai"]
[Date "2018.06.16"]
[Round "7"]
[White "Srija, Seshadri"]
[Black "Tokhirjonova, Gulrukhbegim"]
[Result "0-1"]
[WhiteElo "2207"]
[BlackElo "2379"]
[Annotator "NA"]
[PlyCount "122"]
[EventDate "2018.??.??"]
[EventType "tourn"]
[EventCountry "IND"]
[SourceTitle "playchess.com"]
[Source "ChessBase"]
[SourceQuality "1"]
[TimeControl "40/5400+30:1800+30"]

1. e4 {[%emt 0:00:06]} e5 {[%emt 0:00:14]} 2. Nf3 {[%emt 0:00:07]} Nc6 {[%emt 0:00:09]} 3. Bb5 {[%emt 0:00:06]} a6 {[%emt 0:00:20]} 4. Ba4 {[%emt 0:00:07]} Nf6 {[%emt 0:00:12]} 5. d3 {[%emt 0:00:10]} d6 {[%emt 0:00:18]} 6. c3 {[%emt 0:00:20]} Be7 {[%emt 0:00:19]} 7. O-O {[%emt 0:00:38]} O-O {[%emt 0:00:07]} 8. Re1 {[%emt 0:00:40]} Re8 {[%emt 0:00:43]} 9. Nbd2 {[%emt 0:00:33]} Bf8 {[%emt 0:00:28]} 10. Nf1 {[%emt 0:00:15]} h6 {[%emt 0:00:44]} 11. Ng3 {[%emt 0:00:44]} b5 {[%emt 0:00:49]} 12. Bc2 {[%emt 0:00:19]} d5 {[%emt 0:01:41]} 13. h3 {[%emt 0:08:33]} Be6 {[%emt 0:02:30]} 14. Be3 $11 {[%emt 0:02:52]} Bd6 {[%emt 0:08:17]} 15. Nh4 {[%emt 0:09:31]} Ng4 {[%emt 0:22:38]} 16. hxg4 {[%emt 0:04:20]} Qxh4 {[%emt 0:01:01]} 17. Nf5 {[%emt 0:02:22]} Bxf5 {[%emt 0:07:56]} 18. gxf5 {[%emt 0:00:09]} d4 {[%emt 0:00:06]} 19. Bd2 {[%emt 0:00:33]} Bc5 {[%emt 0:03:59]} 20. Qf3 {[%emt 0:09:34]} Red8 {[%emt 0:01:03]} 21. g3 {[%emt 0:01:59]} Qf6 {[%emt 0:00:13]} 22. Bb3 {[%emt 0:04:53]} Rab8 {[%emt 0:08:35]} 23. Rac1 {[%emt 0:03:20]} dxc3 {[%emt 0:02:25]} 24. bxc3 {[%emt 0:00:39]} Na5 {[%emt 0:01:03]} 25. Bc2 {[%emt 0:00:53]} b4 {[%emt 0:08:05]} 26. Red1 {[%emt 0:14:12]} b3 {[%emt 0:01:59]} 27. axb3 {[%emt 0:00:48]} Nxb3 {[%emt 0:00:02]} 28. Bxb3 {[%emt 0:01:07]} Rxb3 {[%emt 0:00:02]} 29. Rc2 {[%emt 0:06:32]} a5 {[%emt 0:01:44]} 30. Be3 {[%emt 0:04:41]} Bb6 {[%emt 0:02:06]} 31. Qe2 {[%emt 0:03:33]} a4 {[%emt 0:01:45]} 32. d4 {[%emt 0:05:30]} exd4 {[%emt 0:05:13]} 33. cxd4 {[%emt 0:00:16]} Bxd4 {[%emt 0:00:28]} 34. Rcd2 {[%emt 0:02:37]} Rb4 {[%emt 0:04:49]} 35. Bxd4 {[%emt 0:03:51]} Rbxd4 {[%emt 0:00:09]} 36. e5 {[%emt 0:00:34]} Rxd2 {[%emt 0:01:04]} 37. exf6 {[%emt 0:00:18]} Rxe2 {[%emt 0:02:30]} 38. Rxd8+ {[%emt 0:00:05]} Kh7 {[%emt 0:00:05]} 39. Ra8 {[%emt 0:01:39]} Re4 {[%emt 0:00:14]} 40. Ra7 {[%emt 0:00:27]} Rc4 {[%emt 0:30:53]} 41. Kg2 {[%emt 0:36:54]} g6 {[%emt 0:05:47]} 42. Ra5 {[%emt 0:03:04]} gxf5 {[%emt 0:01:03]} 43. Rxf5 {[%emt 0:00:31]} c5 {[%emt 0:00:11]} 44. Rf3 {[%emt 0:00:00]} Rb4 {[%emt 0:00:00]} 45. Rc3 {[%emt 0:00:00]} c4 {[%emt 0:00:00]} 46. Kh3 {[%emt 0:00:00]} Kg6 {[%emt 0:00:00]} 47. Kg4 {[%emt 0:00:00]} Kxf6 {[%emt 0:00:00]} 48. Kf4 {[%emt 0:00:00]} Rb6 {[%emt 0:00:00]} 49. Rxc4 {[%emt 0:00:00]} Ra6 {[%emt 0:00:00]} 50. Rc2 {[%emt 0:00:00]} a3 {[%emt 0:00:00]} 51. Ra2 {[%emt 0:00:00]} Ra4+ {[%emt 0:00:00]} 52. Ke3 {[%emt 0:00:00]} Kg5 {[%emt 0:00:00]} 53. f3 {[%emt 0:00:00]} f5 {[%emt 0:00:00]} 54. Kf2 {[%emt 0:00:00]} h5 {[%emt 0:00:00]} 55. Ke3 {[%emt 0:00:00]} Ra7 {[%emt 0:00:00]} 56. Kf2 {[%emt 0:00:00]} f4 {[%emt 0:00:00]} 57. Kg2 {[%emt 0:00:00]} fxg3 {[%emt 0:00:00]} 58. Kxg3 {[%emt 0:00:00]} h4+ {[%emt 0:00:00]} 59. Kg2 {[%emt 0:00:00]} Kf4 {[%emt 0:00:00]} 60. Kh3 {[%emt 0:00:00]} Kxf3 {[%emt 0:00:00]} 61. Kxh4 {[%emt 0:00:00]} Ke3 {[%emt 0:00:00]} 0-1